000 00577nam a2200229Ia 4500
003 OSt
005 20220916111036.0
006 a|||||r|||| 00| 0
007 ta
008 220915b |||||||| |||| 00| 0 eng d
024 _a126596
037 _cTextbook
040 _beng
_aARTS
_cARTS
041 _aeng
082 _aV6591:1:M8, C4(906)
100 _aIngham E G
245 0 _aSirerra Leone after a hundred years
260 _aNA
_bNA
650 _aHISTORY
942 _hV6591:1:M8, C4(906)
_cTB
_2CC
999 _c104282
_d104282